[Event "18th Asian-ch"]
[Site "New Delhi IND"]
[Date "2022.10.29"]
[Round "4.26"]
[White "Shyaamnikhil, P."]
[Black "Aradhya, Garg"]
[Result "1-0"]
[WhiteElo "2489"]
[BlackElo "2284"]
[EventDate "2022.10.26"]
[PlyCount "101"]

1.Nf3 Nf6 2.b3 d5 3.Bb2 Bf5 4.e3 e6 5.Be2 h6 6.c4 c6 7.O-O Nbd7 8.d4 Bd6 
9.Bd3 Ne4 10.Qc2 O-O 11.Nc3 Ndf6 12.Ne2 Qb8 13.h3 Rd8 14.c5 Bc7 15.b4 a5 
16.a3 Ng5 17.Ne5 Bxe5 18.dxe5 Bxd3 19.Qxd3 Nd7 20.h4 Nh7 21.f4 b6 22.Bd4 
Qb7 23.Nc3 Nhf8 24.h5 axb4 25.axb4 bxc5 26.bxc5 Rxa1 27.Rxa1 Ra8 28.Rb1 
Qa6 29.Qxa6 Rxa6 30.e4 f5 31.exf6 gxf6 32.exd5 cxd5 33.f5 e5 34.Bf2 d4 35.
Ne4 Rc6 36.Rb5 Nh7 37.Bh4 Kf7 38.Ra5 Ke7 39.Kf2 Kd8 40.Ke2 Kc7 41.Ra7+ Kd8
42.Ra8+ Rc8 43.Rxc8+ Kxc8 44.c6 Nb8 45.Nxf6 Nxf6 46.Bxf6 Nxc6 47.g4 Nd8 
48.g5 hxg5 49.Bxd8 Kxd8 50.h6 Ke7 51.h7 1-0

[Event "18th Asian-ch"]
[Site "New Delhi IND"]
[Date "2022.10.29"]
[Round "4.27"]
[White "Urazaev, Arystanbek"]
[Black "Muhammed, Shuaau"]
[Result "1-0"]
[WhiteElo "2458"]
[BlackElo "2010"]
[EventDate "2022.10.26"]
[PlyCount "73"]

1.d4 d5 2.Nf3 Nf6 3.c4 e6 4.Nc3 Be7 5.Bf4 a6 6.e3 O-O 7.Rc1 dxc4 8.Bxc4 c5
9.d5 exd5 10.Bxd5 Nh5 11.O-O Nd7 12.Qb3 Nxf4 13.exf4 Qb6 14.Qc2 Nf6 15.Ne5
Be6 16.Nc4 Qc7 17.Bxe6 fxe6 18.Qe2 Kh8 19.Qxe6 Qxf4 20.Ne5 Bd6 21.Qxd6 Ng4
22.Ng6+ hxg6 23.Qxf4 Rxf4 24.Nd5 Rd4 25.Rxc5 Re8 26.h3 Ne5 27.Ne3 Rd2 28.
Rc2 Rxc2 29.Nxc2 Nd3 30.Rd1 Nxb2 31.Rb1 Nc4 32.Rxb7 Re2 33.Nd4 Rxa2 34.Ne6
a5 35.Rb8+ Kh7 36.Ng5+ Kh6 37.Nf7+ 1-0

[Event "18th Asian-ch"]
[Site "New Delhi IND"]
[Date "2022.10.29"]
[Round "4.28"]
[White "Saravana, Krishnan P."]
[Black "Ajay, Karthikeyan"]
[Result "0-1"]
[WhiteElo "2197"]
[BlackElo "2441"]
[EventDate "2022.10.26"]
[PlyCount "68"]

1.e4 c5 2.Nf3 g6 3.Bc4 Bg7 4.c3 e6 5.O-O Ne7 6.Bb3 d5 7.e5 c4 8.Bc2 Nd7 9.
Re1 Nc6 10.d4 cxd3 11.Ba4 O-O 12.Bf4 Qb6 13.b4 f6 14.exf6 Nxf6 15.Be3 Qc7 
16.Bc5 Re8 17.Qxd3 e5 18.Qd1 b6 19.Be3 h6 20.Nbd2 Kh7 21.Nf1 Bd7 22.Rc1 
Rad8 23.Bc2 e4 24.Nd4 Ne5 25.Bf4 Nh5 26.Bxe5 Bxe5 27.Bb3 Nf4 28.Re3 Rf8 
29.Rc2 h5 30.f3 Rf6 31.fxe4 Bg4 32.Qe1 Rdf8 33.Nd2 dxe4 34.Nxe4 Ne2+ 0-1

[Event "18th Asian-ch"]
[Site "New Delhi IND"]
[Date "2022.10.29"]
[Round "4.29"]
[White "Aaryan, Varshney"]
[Black "Nigmatov, Ortik"]
[Result "1/2-1/2"]
[WhiteElo "2312"]
[BlackElo "2433"]
[EventDate "2022.10.26"]
[PlyCount "60"]

1.d4 Nf6 2.c4 e6 3.Nf3 d5 4.Nc3 Bb4 5.Qa4+ Nc6 6.e3 O-O 7.Bd2 a6 8.Qc2 Re8
9.a3 Bf8 10.Be2 b6 11.O-O Bb7 12.b4 Ne7 13.c5 Ng6 14.Bd3 Nd7 15.Na2 Nb8 
16.Rfc1 b5 17.a4 c6 18.Nc3 Nd7 19.axb5 axb5 20.Rxa8 Bxa8 21.Ra1 Qc7 22.Ne2
Be7 23.Bc3 Bb7 24.Ra3 Ra8 25.Qa2 Qc8 26.Rxa8 Qxa8 27.Qxa8+ Bxa8 28.Nd2 Bd8
29.Nb3 f6 30.f3 Kf7 1/2-1/2

[Event "18th Asian-ch"]
[Site "New Delhi IND"]
[Date "2022.10.29"]
[Round "4.30"]
[White "Ayush, Sharma"]
[Black "Arjun Kalyan"]
[Result "1-0"]
[WhiteElo "2267"]
[BlackElo "2526"]
[EventDate "2022.10.26"]
[PlyCount "117"]

1.e4 e5 2.Nf3 Nc6 3.Bb5 a6 4.Ba4 Bc5 5.O-O Nge7 6.c3 Ng6 7.d4 Ba7 8.Bg5 f6
9.Be3 O-O 10.d5 Nce7 11.d6 cxd6 12.Bxa7 Rxa7 13.Qxd6 b5 14.Bb3+ Kh8 15.a4 
Rb7 16.a5 Rc7 17.Rd1 Bb7 18.Nbd2 Nf4 19.c4 Bc6 20.cxb5 Bxb5 21.Nf1 Be2 22.
Rd2 Bxf3 23.gxf3 Nc6 24.Ng3 Qb8 25.Bd1 Rb7 26.Ne2 Nd4 27.Qxb8 Nfxe2+ 28.
Bxe2 Rfxb8 29.Ra3 Ra7 30.f4 Nxe2+ 31.Rxe2 exf4 32.Kg2 g5 33.Rd2 Rb5 34.Kf3
Kg7 35.h4 Kg6 36.Rd6 h6 37.Kg4 h5+ 38.Kf3 gxh4 39.Kxf4 Rxb2 40.Rf3 Re2 41.
Rb3 Rxf2+ 42.Ke3 Ra2 43.Rbb6 Rxa5 44.Rxf6+ Kg7 45.Kf4 h3 46.Rg6+ Kf7 47.
Rg3 Ke7 48.Rxh3 Rc5 49.e5 h4 50.Kf5 Rc4 51.Rd3 a5 52.Rh6 a4 53.Rh7+ Kd8 
54.e6 Ra5+ 55.Kg6 Rg4+ 56.Kh6 Ra7 57.Rh8+ Kc7 58.exd7 Ra6+ 59.Kh5 1-0

[Event "18th Asian-ch"]
[Site "New Delhi IND"]
[Date "2022.10.29"]
[Round "4.31"]
[White "Sharan, Rao"]
[Black "Venkatesh, M. R."]
[Result "1/2-1/2"]
[WhiteElo "2350"]
[BlackElo "2470"]
[EventDate "2022.10.26"]
[PlyCount "82"]

1.Nf3 c5 2.b3 d6 3.d4 cxd4 4.Nxd4 Nf6 5.e3 e5 6.Nf3 Nc6 7.Bb2 Bf5 8.Be2 
Qa5+ 9.c3 d5 10.O-O Rd8 11.b4 Qc7 12.b5 Na5 13.Qa4 Nd7 14.Nxe5 Qxe5 15.
Qxa5 Bd6 16.g3 Bh3 17.Nd2 Bxf1 18.Bxf1 O-O 19.Bg2 Nc5 20.Nf3 Qf5 21.Nd4 
Qf6 22.Rf1 b6 23.Qa3 Qg6 24.Ba1 Rd7 25.Nc6 Ne4 26.Qa4 Re8 27.Bh3 Rc7 28.
Qd4 Nf6 29.Bg2 Rd7 30.c4 dxc4 31.Qxc4 Qg5 32.Bd4 Bf8 33.a4 Ne4 34.f4 Qf5 
35.Ne5 Nd2 36.Qc6 Rde7 37.e4 Qe6 38.Rd1 Nb3 39.Bb2 Nc5 40.Rd5 f6 41.f5 
Qxc6 1/2-1/2

[Event "18th Asian-ch"]
[Site "New Delhi IND"]
[Date "2022.10.29"]
[Round "4.32"]
[White "Manish Anto, Cristiano F."]
[Black "Abdisalimov, Abdimalik"]
[Result "1/2-1/2"]
[WhiteElo "2332"]
[BlackElo "2457"]
[EventDate "2022.10.26"]
[PlyCount "178"]

1.e4 c5 2.Nf3 e6 3.d4 cxd4 4.Nxd4 Nc6 5.Nc3 Qc7 6.g3 a6 7.Bg2 Nf6 8.O-O 
Bc5 9.Nxc6 dxc6 10.Na4 Ba7 11.c4 Nd7 12.Qc2 b5 13.cxb5 axb5 14.Nc3 Ba6 15.
a4 Bb6 16.axb5 cxb5 17.Qe2 O-O 18.Bf4 Qc8 19.Rfc1 b4 20.Nb5 Bc5 21.Be3 
Bxb5 22.Qxb5 Rxa1 23.Rxa1 Bxe3 24.fxe3 Qc7 25.Qxb4 Ne5 26.Qc3 Qxc3 27.bxc3
Rc8 28.Bf1 Ng4 29.Be2 Nf6 30.Bf3 g5 31.Ra3 Rb8 32.Ra1 Rb2 33.Rd1 Rb5 34.c4
Ra5 35.Rb1 g4 36.Bg2 Kg7 37.Rb7 Rc5 38.Rb4 Nd7 39.Rb5 Kf6 40.Bf1 Rc7 41.
Be2 Ne5 42.Kf2 Rc8 43.Rb3 h5 44.Rb5 Ra8 45.Rb2 Ke7 46.c5 Kd7 47.Bb5+ Kc7 
48.Kg2 Rb8 49.Rb1 Nd7 50.Bxd7 Rxb1 51.Be8 Rb2+ 52.Kg1 Re2 53.Bxf7 Rxe3 54.
Bxe6 Rxe4 55.Bd5 Re5 56.Ba8 Rxc5 57.Kf2 Kd6 58.Kg1 Ke5 59.Bb7 Kf6 60.Bg2 
Rc3 61.Kf2 Kg6 62.Bf1 h4 63.gxh4 Kh5 64.Bb5 Kxh4 65.Kg2 Rc2+ 66.Kg1 Kg5 
67.Ba6 Kf4 68.Bb7 Rc4 69.Kg2 Rc1 70.Kf2 Kg5 71.Kg2 Kh4 72.Ba6 Rc2+ 73.Kg1 
Rc6 74.Bb5 Rb6 75.Bc4 Rf6 76.Kg2 Rf8 77.Bb5 Rc8 78.Ba6 Rc7 79.Bd3 Kg5 80.
Be4 Rc3 81.Bb7 Kh4 82.Ba6 Rc2+ 83.Kg1 g3 84.hxg3+ Kxg3 85.Kf1 Kf3 86.Ke1 
Ke3 87.Kd1 Rd2+ 88.Kc1 Re2 89.Bxe2 Kxe2 1/2-1/2

[Event "18th Asian-ch"]
[Site "New Delhi IND"]
[Date "2022.10.29"]
[Round "4.33"]
[White "Liyanage Ranindu, Dilshan"]
[Black "Vaishali, R."]
[Result "1/2-1/2"]
[WhiteElo "2310"]
[BlackElo "2451"]
[EventDate "2022.10.26"]
[PlyCount "137"]

1.e4 c5 2.Nc3 Nc6 3.Bb5 Nd4 4.Bc4 e6 5.Nge2 a6 6.a4 Nf6 7.O-O d5 8.exd5 
exd5 9.Ba2 Bd6 10.d3 O-O 11.h3 Be6 12.Nxd4 cxd4 13.Ne2 Qb6 14.Bb3 a5 15.
Bf4 Bc5 16.Ng3 Qc6 17.Qf3 b5 18.Ne2 Rfc8 19.Be5 Nd7 20.Bxd4 Nb6 21.Qg3 Bf8
22.axb5 Qxb5 23.Nf4 Qb4 24.Bxb6 Qxb6 25.Qf3 a4 26.Rxa4 Rxa4 27.Bxa4 Qxb2 
28.Nxe6 fxe6 29.Bd7 Rd8 30.Bxe6+ Kh8 31.Bxd5 Qxc2 32.Be4 Qc5 33.Rd1 Qg5 
34.d4 Bd6 35.Qf5 Qh6 36.Bf3 Rf8 37.Qe4 Rc8 38.d5 Qf6 39.Qe6 Rf8 40.Qxf6 
Rxf6 41.Rc1 g6 42.Bg4 Kg7 43.Be6 Rf8 44.g3 Kf6 45.Rc6 Ke7 46.Kg2 Ra8 47.
Rb6 Ra7 48.f4 Ra2+ 49.Kf3 Ra3+ 50.Kg4 h5+ 51.Kh4 Bc7 52.Rb7 Kd6 53.Rxc7 
Kxc7 54.Bf7 Ra6 55.Kg5 Ra3 56.d6+ Kxd6 57.Kh4 Ke7 58.Bxg6 Kf6 59.Bxh5 Ra4 
60.Bf3 Kf5 61.Bd1 Rc4 62.Bg4+ Kf6 63.Be2 Rc2 64.Bf1 Rc1 65.Be2 Rc2 66.Bh5 
Kf5 67.Bd1 Rc7 68.Bg4+ Kf6 69.Be2 1/2-1/2

[Event "18th Asian-ch"]
[Site "New Delhi IND"]
[Date "2022.10.29"]
[Round "4.34"]
[White "Harshavardhan, G. B."]
[Black "Jain Kashish, Manoj"]
[Result "1/2-1/2"]
[WhiteElo "2433"]
[BlackElo "2300"]
[EventDate "2022.10.26"]
[PlyCount "159"]

1.d4 d5 2.c4 c6 3.Nf3 Nf6 4.g3 e6 5.Bg2 dxc4 6.Ne5 Bb4+ 7.Bd2 Be7 8.e3 O-O
9.Nxc4 b6 10.O-O Bb7 11.b4 Nbd7 12.Qb3 Rb8 13.Nc3 Nd5 14.e4 Nxb4 15.Bf4 b5
16.Nd6 Nd3 17.Nxf7 Rxf7 18.Bxb8 Nxb8 19.Rad1 Nb4 20.d5 Nxd5 21.exd5 exd5 
22.Nxd5 cxd5 23.Rxd5 Bxd5 24.Bxd5 Qe8 25.Rc1 Na6 26.Rc6 Nc5 27.Qf3 Nd7 28.
Rc8 Qxc8 29.Qxf7+ Kh8 30.Qxe7 Nf6 31.Bb7 Qb8 32.Bf3 b4 33.Qc5 b3 34.axb3 
Qxb3 35.Kg2 Qb8 36.g4 h6 37.h4 Nh7 38.Be4 Nf6 39.Bf5 Qa8+ 40.f3 Qe8 41.Kf2
Qb8 42.Kg2 Qe8 43.Kf1 Qd8 44.Bc2 Qa8 45.Qc3 Nxg4 46.fxg4 Qh1+ 47.Ke2 Qg2+ 
48.Ke3 Qxg4 49.Qe5 Qh3+ 50.Kd2 Qg2+ 51.Kc1 Qf1+ 52.Bd1 Qc4+ 53.Kd2 Qb4+ 
54.Ke3 Qb6+ 55.Ke2 Qa6+ 56.Ke1 Qc4 57.Qg3 Qe4+ 58.Be2 Qb1+ 59.Kf2 Qb6+ 60.
Kg2 Qb7+ 61.Bf3 Qb2+ 62.Kh3 Qb3 63.Qf4 a5 64.Kg2 Qc2+ 65.Kg3 Qc8 66.Qd4 
Qc7+ 67.Kh3 Qc8+ 68.Bg4 Qf8 69.Be2 Qc8+ 70.Kg3 Qb8+ 71.Kg2 Qe8 72.Bd1 Qg6+
73.Kh3 Qf5+ 74.Kg3 Qg6+ 75.Kh2 Qf6 76.Qg4 Qf2+ 77.Kh3 Qf1+ 78.Kg3 Qg1+ 79.
Kf4 g5+ 80.Ke4 1/2-1/2

[Event "18th Asian-ch"]
[Site "New Delhi IND"]
[Date "2022.10.29"]
[Round "4.35"]
[White "Sattarov, Bobir"]
[Black "Avinash, Ramesh"]
[Result "1/2-1/2"]
[WhiteElo "2433"]
[BlackElo "2338"]
[EventDate "2022.10.26"]
[PlyCount "100"]

1.e4 c5 2.Nf3 d6 3.Nc3 Nc6 4.d4 cxd4 5.Nxd4 Nf6 6.Bc4 Qb6 7.Ndb5 a6 8.Be3 
Qa5 9.Nd4 e6 10.O-O Be7 11.Bb3 O-O 12.f4 Nxd4 13.Qxd4 Ng4 14.Kh1 Nxe3 15.
Qxe3 b5 16.a3 Bd7 17.Rad1 Qc7 18.Qg3 a5 19.f5 Kh8 20.Rf3 Qc5 21.Qg4 Qe5 
22.Rdf1 b4 23.axb4 axb4 24.Nd1 exf5 25.exf5 Ra1 26.Qxb4 Bxf5 27.Qf4 Qxf4 
28.Rxf4 Bg6 29.Nc3 Rxf1+ 30.Rxf1 Bf6 31.Nb5 Be5 32.Rd1 Bh5 33.Re1 Rb8 34.
Bc4 f5 35.b3 f4 36.Bd3 f3 37.Rf1 Rf8 38.Be2 fxg2+ 39.Kxg2 Rxf1 40.Bxf1 Be8
41.h3 g5 42.Kf3 h5 43.c4 Bc6+ 44.Ke3 g4 45.hxg4 hxg4 46.Nd4 Bxd4+ 47.Kxd4 
g3 48.c5 g2 49.Bxg2 dxc5+ 50.Kxc5 Bxg2 1/2-1/2

[Event "18th Asian-ch"]
[Site "New Delhi IND"]
[Date "2022.10.29"]
[Round "4.36"]
[White "Muradov, Soltan"]
[Black "Moksh Amit, Doshi"]
[Result "0-1"]
[WhiteElo "2233"]
[BlackElo "2430"]
[EventDate "2022.10.26"]
[PlyCount "66"]

1.d4 Nf6 2.Nf3 d5 3.c4 e6 4.Nc3 Bb4 5.Qa4+ Nc6 6.e3 O-O 7.Bd2 a6 8.Qc2 
dxc4 9.Bxc4 Bd6 10.a3 e5 11.d5 Ne7 12.e4 Ng6 13.Be2 Qe7 14.h3 Bd7 15.O-O-O
c6 16.Kb1 cxd5 17.Bg5 d4 18.Nd5 Qd8 19.Bxf6 gxf6 20.h4 Rc8 21.Qd2 Be6 22.
Bd3 Bxd5 23.exd5 Qd7 24.g3 Rfe8 25.Rde1 Bf8 26.h5 Ne7 27.Rxe5 fxe5 28.Qg5+
Kh8 29.h6 Nxd5 30.Bf5 Qd8 31.Bxc8 f6 32.Qh5 Qxc8 33.Qf7 Qe6 0-1

[Event "18th Asian-ch"]
[Site "New Delhi IND"]
[Date "2022.10.29"]
[Round "4.37"]
[White "Shahil, Dey"]
[Black "Winkelman, Albert"]
[Result "0-1"]
[WhiteElo "2395"]
[BlackElo "2229"]
[EventDate "2022.10.26"]
[PlyCount "80"]

1.e4 e5 2.Nf3 Nc6 3.Bc4 Nf6 4.d3 Be7 5.O-O O-O 6.Re1 d6 7.a4 Be6 8.Nc3 Bg4
9.h3 Bh5 10.g4 Nxg4 11.hxg4 Bxg4 12.Be3 Kh8 13.Kg2 Qe8 14.Bd5 Nb4 15.Qc1 
c6 16.Bb3 f5 17.exf5 Rxf5 18.Ng1 Qg6 19.Kf1 Raf8 20.Ne4 Bh4 21.Qd2 a5 22.
c3 Nxd3 23.Bc2 Nxe1 24.Rxe1 Qf7 25.Kg2 Bf3+ 26.Nxf3 Rxf3 27.Rh1 Qh5 28.Kf1
Bxf2 29.Rxh5 Bxe3+ 30.Ke2 Bxd2 31.Nxd2 Rf2+ 32.Ke3 h6 33.c4 Rg2 34.Be4 
Rg3+ 35.Ke2 Rf4 36.Bf3 Kh7 37.Rh1 g6 38.Rb1 Rh3 39.Bh1 Rh2+ 40.Kd3 Rd4+ 
0-1

[Event "18th Asian-ch"]
[Site "New Delhi IND"]
[Date "2022.10.29"]
[Round "4.38"]
[White "Jaiswal, Rupesh"]
[Black "Tologon, Tegin Semetei"]
[Result "1/2-1/2"]
[WhiteElo "2135"]
[BlackElo "2382"]
[EventDate "2022.10.26"]
[PlyCount "140"]

1.e4 e5 2.Nf3 Nc6 3.d4 exd4 4.Nxd4 Qf6 5.c3 Bc5 6.Be3 Nge7 7.Qf3 Nxd4 8.
Qxf6 Nc2+ 9.Kd2 gxf6 10.Kxc2 Bxe3 11.fxe3 f5 12.exf5 Nxf5 13.e4 Ne3+ 14.
Kd2 Ng4 15.Bd3 Rg8 16.Ke2 Ne5 17.Rg1 d5 18.Nd2 Bg4+ 19.Nf3 O-O-O 20.h3 Bh5
21.exd5 Nxd3 22.Kxd3 Rxd5+ 23.Ke4 Rb5 24.b3 Ra5 25.g4 f5+ 26.gxf5 Re8+ 27.
Kf4 Bxf3 28.Kxf3 Rxf5+ 29.Kg4 Rf2 30.Rg3 b5 31.a4 Rg8+ 32.Kh4 Rxg3 33.Kxg3
Rc2 34.axb5 Rxc3+ 35.Kg4 Kb7 36.Ra3 Rc5 37.Ra5 Rd5 38.h4 Rd3 39.Ra3 Rd4+ 
40.Kg5 Rb4 41.Ra5 Kb6 42.Ra6+ Kb7 43.Ra5 Rxb3 44.Kh6 Kb6 45.Ra6+ Kb7 46.
Ra5 Rh3 47.h5 Rh4 48.Ra1 Kb6 49.Ra6+ Kxb5 50.Rxa7 Kb6 51.Ra8 c5 52.Rb8+ 
Kc6 53.Rc8+ Kd6 54.Rd8+ Ke6 55.Rh8 c4 56.Rxh7 c3 57.Rc7 Rh3 58.Kg6 Rg3+ 
59.Kh7 Rf3 60.Rc6+ Kd5 61.Rc8 Rg3 62.h6 Ke6 63.Kh8 Kf7 64.h7 Re3 65.Rc7+ 
Kf6 66.Rc6+ Kf7 67.Rc7+ Kf6 68.Rc6+ Re6 69.Rxe6+ Kxe6 70.Kg7 Ke5 1/2-1/2

[Event "18th Asian-ch"]
[Site "New Delhi IND"]
[Date "2022.10.29"]
[Round "4.39"]
[White "Dang Vu Dung"]
[Black "Krishna Teja, N."]
[Result "0-1"]
[WhiteElo "2017"]
[BlackElo "2359"]
[EventDate "2022.10.26"]
[PlyCount "70"]

1.Nf3 d5 2.d4 Nf6 3.g3 c6 4.Bg2 Bf5 5.O-O e6 6.Bg5 Be7 7.Nbd2 Qb6 8.b3 h6 
9.Be3 Nbd7 10.c4 Ba3 11.Ne5 Bb2 12.cxd5 Bxa1 13.dxc6 bxc6 14.Nxd7 Nxd7 15.
Qxa1 Qa6 16.d5 cxd5 17.Qxg7 Ke7 18.Qc3 Rac8 19.Qb4+ Qd6 20.Qh4+ f6 21.Bxh6
Ne5 22.e4 dxe4 23.Qf4 Rcg8 24.Qe3 Rxh6 25.Qxh6 Ng4 26.Nxe4 Bxe4 27.Qc1 
Bxg2 28.Kxg2 Rd8 29.h4 Ne5 30.Qh6 Qd5+ 31.Kh3 Qf3 32.Qh7+ Nf7 33.Qc2 Qd5 
34.Re1 f5 35.b4 Ng5+ 0-1

[Event "18th Asian-ch"]
[Site "New Delhi IND"]
[Date "2022.10.29"]
[Round "4.40"]
[White "Nitin, S."]
[Black "Sharma Dinesh, K."]
[Result "1-0"]
[WhiteElo "2407"]
[BlackElo "2242"]
[EventDate "2022.10.26"]
[PlyCount "77"]

1.Nf3 Nf6 2.g3 e6 3.Bg2 d5 4.c4 Be7 5.O-O O-O 6.d3 d4 7.e3 c5 8.exd4 cxd4 
9.Na3 Nc6 10.Re1 Ne8 11.Nc2 a5 12.b3 f6 13.a3 Nc7 14.Rb1 Na6 15.Bd2 Nc5 
16.Qe2 e5 17.b4 Ne6 18.Nh4 axb4 19.axb4 Ra2 20.Qd1 Nc7 21.b5 Nb8 22.b6 Ne6
23.Bd5 Bc5 24.f4 g6 25.Nb4 Ra8 26.Qg4 f5 27.Qd1 Kg7 28.Rxe5 Bd6 29.Bxe6 
Bxe5 30.Bxc8 Qxc8 31.fxe5 Nc6 32.Nf3 Re8 33.Nd5 Ra2 34.Bg5 h6 35.Bf6+ Kf7 
36.Qb3 Ra5 37.Nc7 Nxe5 38.Bxe5 Raxe5 39.c5+ 1-0

[Event "18th Asian-ch"]
[Site "New Delhi IND"]
[Date "2022.10.29"]
[Round "4.41"]
[White "Ratnakaran, K."]
[Black "De Silva, L. M. S. T."]
[Result "0-1"]
[WhiteElo "2329"]
[BlackElo "2516"]
[EventDate "2022.10.26"]
[PlyCount "92"]

1.e4 e5 2.Nf3 Nc6 3.Bc4 Nf6 4.d3 Bc5 5.c3 O-O 6.Bb3 d5 7.Qe2 a5 8.Bg5 d4 
9.Ba4 Re8 10.cxd4 exd4 11.Nbd2 h6 12.Bh4 g5 13.Bg3 g4 14.Nh4 Nh5 15.O-O-O 
Be6 16.Bxc6 bxc6 17.h3 Qg5 18.hxg4 Bxg4 19.Nf3 f5 20.Qf1 Qg7 21.exf5 Qf7 
22.Nc4 Qxf5 23.Bxc7 Re7 24.Nh4 Qd5 25.f3 Rf8 26.Bxa5 Ng3 27.Qf2 Nxh1 28.
Rxh1 Bf5 29.Nxf5 Qxf5 30.Kc2 Rfe8 31.Re1 Rxe1 32.Bxe1 Qe6 33.Bd2 Qxc4+ 34.
dxc4 d3+ 35.Kxd3 Bxf2 36.Bxh6 c5 37.a3 Rb8 38.Kc2 Kf7 39.Bd2 Rh8 40.b4 
cxb4 41.axb4 Rh2 42.Kd3 Rxg2 43.f4 Bg1 44.f5 Kf6 45.c5 Kxf5 46.Bc3 Rg4 0-1

[Event "18th Asian-ch"]
[Site "New Delhi IND"]
[Date "2022.10.29"]
[Round "4.42"]
[White "Hossain, Enamul"]
[Black "Dushyant, Sharma"]
[Result "1-0"]
[WhiteElo "2390"]
[BlackElo "2370"]
[EventDate "2022.10.26"]
[PlyCount "77"]

1.e4 e5 2.Nf3 Nc6 3.Bb5 a6 4.Ba4 Nf6 5.O-O Nxe4 6.d4 b5 7.Bb3 d5 8.dxe5 
Be6 9.c3 Bc5 10.Nbd2 O-O 11.Bc2 Nxf2 12.Rxf2 f6 13.Nf1 Bxf2+ 14.Kxf2 fxe5 
15.Kg1 Qd6 16.Be3 h6 17.Qe1 Bf5 18.Bb3 Na5 19.Bf2 Rae8 20.Bg3 Nxb3 21.axb3
Be4 22.N1d2 Bxf3 23.Nxf3 Rf5 24.Qe3 b4 25.Re1 bxc3 26.bxc3 Qa3 27.b4 e4 
28.Qc5 Qa2 29.Nd4 Rf7 30.h3 e3 31.Qc6 Re4 32.Kh2 e2 33.Qg6 Rf6 34.Qh5 Rf1 
35.Rxe2 Qa1 36.Qxd5+ Kh8 37.Qa8+ Kh7 38.Qxe4+ Kh8 39.Re1 1-0

[Event "18th Asian-ch"]
[Site "New Delhi IND"]
[Date "2022.10.29"]
[Round "4.43"]
[White "Singh, Ojasva"]
[Black "Sidhant, Mohapatra"]
[Result "0-1"]
[WhiteElo "2382"]
[BlackElo "2343"]
[EventDate "2022.10.26"]
[PlyCount "132"]

1.e4 c5 2.Nf3 e6 3.d4 cxd4 4.Nxd4 Nc6 5.Nc3 Qc7 6.g3 a6 7.Bg2 Nf6 8.O-O 
Nxd4 9.Qxd4 Bc5 10.Bf4 d6 11.Qd2 h6 12.Rad1 e5 13.Be3 Bxe3 14.fxe3 Be6 15.
Qxd6 Rc8 16.h3 h5 17.Rf2 Qxd6 18.Rxd6 Rxc3 19.bxc3 Nd7 20.Rfd2 Ke7 21.Bf1 
Rc8 22.c4 Rc7 23.Rd1 Nc5 24.Rb6 Nxe4 25.Bg2 Nc5 26.Rdb1 e4 27.Bf1 Rd7 28.
a4 Kd8 29.a5 Kc7 30.R6b2 g6 31.c3 Kc8 32.Kf2 Na4 33.Rc2 Rc7 34.Rb4 Bd7 35.
Ke1 Bc6 36.Rb1 Re7 37.Be2 Re5 38.Rb4 Kc7 39.g4 h4 40.Rc1 Nc5 41.Ra1 Ne6 
42.Kf2 Bd7 43.Rbb1 Nd8 44.Rd1 Be6 45.Ra4 Nc6 46.Rda1 Rc5 47.Bf1 Ne5 48.Rb4
Nc6 49.Rba4 f5 50.g5 Ne5 51.Be2 Bxc4 52.Bxc4 Nxc4 53.Ke2 Ne5 54.c4 Rc6 55.
Rc1 Nd3 56.Rb1 Rd6 57.Kf1 Nc5 58.Rab4 Rd3 59.Ke2 Ra3 60.Rb6 Rxa5 61.Rxg6 
Ra2+ 62.Kf1 Rh2 63.Rf6 Rh1+ 64.Kg2 Rxb1 65.g6 Nd7 66.Rf7 Rb6 0-1

[Event "18th Asian-ch"]
[Site "New Delhi IND"]
[Date "2022.10.29"]
[Round "4.44"]
[White "Prraneeth, Vuppala"]
[Black "Kakabaev, Mergen"]
[Result "1/2-1/2"]
[WhiteElo "2451"]
[BlackElo "2285"]
[EventDate "2022.10.26"]
[PlyCount "122"]

1.e4 e6 2.d4 d5 3.Nc3 Nf6 4.e5 Nfd7 5.f4 c5 6.Nf3 Nc6 7.Be3 Qb6 8.Na4 Qa5+
9.c3 cxd4 10.b4 Nxb4 11.cxb4 Bxb4+ 12.Bd2 Bxd2+ 13.Nxd2 O-O 14.Bd3 b5 15.
Nb2 Nb6 16.O-O Nc4 17.Bxh7+ Kxh7 18.Qh5+ Kg8 19.Nf3 g6 20.Qh6 Qc7 21.Nxc4 
bxc4 22.f5 f6 23.Qxg6+ Qg7 24.Qh5 Bd7 25.fxe6 Bxe6 26.Nxd4 Bg4 27.Qh4 fxe5
28.Nc6 Rxf1+ 29.Rxf1 Re8 30.h3 Bd7 31.Nb4 Rf8 32.Rxf8+ Qxf8 33.Qg5+ Kf7 
34.Qh5+ Ke6 35.Qg6+ Qf6 36.Qg8+ Qf7 37.Qxf7+ Kxf7 38.Nxd5 Ke6 39.Nc3 Kf5 
40.Kf2 Bc6 41.g3 Ba8 42.Ke3 Bg2 43.h4 Kg4 44.Nb5 Bc6 45.Nd6 Bd5 46.Ne8 Bf7
47.Nf6+ Kf5 48.Ne4 Kg4 49.a3 Bg6 50.Nf6+ Kf5 51.Ne4 Kg4 52.Nf6+ Kf5 53.Nd5
Kg4 54.Nf6+ Kf5 55.Nd7 Ke6 56.Nf8+ Kf7 57.Nd7 Ke6 58.Nf8+ Kf7 59.Nd7 Ke6 
60.Nc5+ Kf5 61.Ne4 Kg4 1/2-1/2

[Event "18th Asian-ch"]
[Site "New Delhi IND"]
[Date "2022.10.29"]
[Round "4.45"]
[White "Chakravarthi Reddy, M."]
[Black "Schain, Randolph"]
[Result "1-0"]
[WhiteElo "2301"]
[BlackElo "2165"]
[EventDate "2022.10.26"]
[PlyCount "43"]

1.c4 Nf6 2.Nc3 c5 3.Nf3 g6 4.d4 cxd4 5.Nxd4 Nc6 6.Nc2 Bg7 7.e4 d6 8.Be2 
O-O 9.O-O Bd7 10.Be3 Rc8 11.h3 Qc7 12.Rc1 Rfd8 13.f4 e6 14.Nb5 Qb8 15.Nxd6
Be8 16.e5 Ne4 17.c5 b6 18.Qe1 Nxc5 19.Nxc8 Qxc8 20.b4 Nd3 21.Bxd3 Rxd3 22.
b5 1-0

[Event "18th Asian-ch"]
[Site "New Delhi IND"]
[Date "2022.10.30"]
[Round "5.1"]
[White "Praggnanandhaa, Rameshbabu"]
[Black "Mendonca, Leon Luke"]
[Result "1/2-1/2"]
[WhiteElo "2687"]
[BlackElo "2558"]
[EventDate "2022.10.26"]
[PlyCount "87"]

1.e4 c6 2.d4 d5 3.e5 Bf5 4.Nd2 e6 5.Nb3 Nd7 6.Nf3 c5 7.dxc5 a6 8.Be2 Bxc5 
9.Nxc5 Nxc5 10.Nd4 Bg6 11.h4 h6 12.h5 Bh7 13.O-O Ne7 14.Bf4 Rc8 15.a4 Qb6 
16.Ra2 Nc6 17.Nxc6 Qxc6 18.c3 O-O 19.Re1 Nd7 20.Bf1 Kh8 21.Ra1 Qc7 22.Qd2 
Nc5 23.Qe3 Rg8 24.Ra3 Qd7 25.a5 Qe7 26.Rd1 Rc7 27.c4 dxc4 28.Bxc4 Nd7 29.
Bd3 Rgc8 30.Be2 Qb4 31.Qd4 Qxd4 32.Rxd4 Nb8 33.Bf3 Nc6 34.Rd6 Kg8 35.Bg3 
Bf5 36.Ra4 Bc2 37.Ra1 Bb3 38.Ra3 Bc4 39.Bxc6 Rxc6 40.Rc3 Bd5 41.Rcxc6 bxc6
42.Bh4 Rb8 43.Rd8+ Rxd8 44.Bxd8 1/2-1/2

[Event "18th Asian-ch"]
[Site "New Delhi IND"]
[Date "2022.10.30"]
[Round "5.2"]
[White "Atabaev, Maksat"]
[Black "Karthikeyan, Murali"]
[Result "1/2-1/2"]
[WhiteElo "2475"]
[BlackElo "2623"]
[EventDate "2022.10.26"]
[PlyCount "63"]

1.e4 c5 2.Nf3 Nc6 3.d4 cxd4 4.Nxd4 Nf6 5.Nc3 d6 6.Bg5 Bd7 7.Qd2 Rc8 8.
O-O-O Nxd4 9.Qxd4 Qa5 10.Bd2 a6 11.Kb1 Qc5 12.Qxc5 Rxc5 13.f3 g6 14.Be3 
Rc6 15.Bd4 Bg7 16.Nd5 e5 17.Nxf6+ Bxf6 18.Bc3 Be6 19.Bb4 Be7 20.g3 f5 21.
Bg2 Rf8 22.b3 h5 23.f4 Rb6 24.Bd2 exf4 25.exf5 Bxf5 26.Bxf4 Kd7 27.Rhe1 
Rc8 28.Be4 Rb5 29.h4 Rbc5 30.Rd2 Bxe4 31.Rxe4 R8c6 32.Red4 1/2-1/2

[Event "18th Asian-ch"]
[Site "New Delhi IND"]
[Date "2022.10.30"]
[Round "5.3"]
[White "Harsha, Bharathakoti"]
[Black "Koustav, Chatterjee"]
[Result "1-0"]
[WhiteElo "2582"]
[BlackElo "2496"]
[EventDate "2022.10.26"]
[PlyCount "97"]

1.e4 e5 2.Nf3 Nc6 3.d4 exd4 4.Nxd4 Nf6 5.Nxc6 bxc6 6.e5 Qe7 7.Qe2 Nd5 8.h4
Qe6 9.Nd2 Nb4 10.Nf3 Ba6 11.c4 d5 12.a3 Bxc4 13.Qd1 Bxf1 14.Kxf1 Na6 15.b4
Be7 16.Bg5 Bxg5 17.Nxg5 Qg6 18.e6 f6 19.Nf3 O-O 20.Rc1 Rae8 21.Rxc6 Nb8 
22.Rxc7 Rxe6 23.h5 Qe8 24.Qxd5 Rf7 25.Rc1 Rd7 26.Qb3 Kf8 27.Rh4 Red6 28.
Re1 Qf7 29.Qxf7+ Kxf7 30.Rf4 Re7 31.Rxe7+ Kxe7 32.Rg4 Kf7 33.Rc4 Nd7 34.
Ke2 Ke6 35.Rc7 a6 36.Ke3 Kf5 37.Nd4+ Kg5 38.Rc6 Rxc6 39.Nxc6 Kxh5 40.a4 g5
41.Kd4 Kg6 42.a5 h5 43.Kc4 h4 44.b5 g4 45.bxa6 h3 46.gxh3 gxh3 47.a7 h2 
48.a8=Q h1=Q 49.Ne7+ 1-0

[Event "18th Asian-ch"]
[Site "New Delhi IND"]
[Date "2022.10.30"]
[Round "5.4"]
[White "Narayanan, Sunilduth Lyna"]
[Black "Shyam Sundar, M."]
[Result "1/2-1/2"]
[WhiteElo "2663"]
[BlackElo "2518"]
[EventDate "2022.10.26"]
[PlyCount "130"]

1.d4 d5 2.c4 e6 3.Nc3 c5 4.cxd5 cxd4 5.Qa4+ Bd7 6.Qxd4 exd5 7.Qxd5 Nf6 8.
Qd1 Nc6 9.e3 Bb4 10.Bd2 O-O 11.Nf3 Qe7 12.Be2 Rfd8 13.O-O Ne5 14.Nd4 Nc6 
15.Re1 Rac8 16.Rc1 Nxd4 17.exd4 Be6 18.Bg5 h6 19.Bh4 Qd6 20.a3 Bxc3 21.
bxc3 Bc4 22.Bf3 Rd7 23.Bxf6 Qxf6 24.Bg4 Be6 25.Bxe6 fxe6 26.Qb3 Rc6 27.h3 
Rb6 28.Qa2 Rd5 29.Rb1 Rxb1 30.Qxb1 b6 31.Re3 Qf5 32.Qxf5 exf5 33.Re5 Rxe5 
34.dxe5 f4 35.g3 f3 36.g4 Kf7 37.Kh2 Ke6 38.Kg3 Kxe5 39.Kxf3 g5 40.Ke3 b5 
41.f3 a5 42.f4+ gxf4+ 43.Kf3 Kd5 44.h4 Ke5 45.Ke2 Ke6 46.Kf2 Kf6 47.Ke2 
Ke6 48.Kf3 Ke5 49.Kg2 Ke6 50.Kf1 Ke5 51.Ke1 f3 52.Kf2 Kf4 53.g5 hxg5 54.
hxg5 Kxg5 55.Kxf3 Kf5 56.Ke3 Ke5 57.a4 bxa4 58.Kd3 Kd5 59.c4+ Kd6 60.c5+ 
Kxc5 61.Kc2 Kb4 62.Kb2 a3+ 63.Ka2 a4 64.Kb1 Kb3 65.Ka1 a2 1/2-1/2

[Event "18th Asian-ch"]
[Site "New Delhi IND"]
[Date "2022.10.30"]
[Round "5.5"]
[White "Sethuraman, Panayapan"]
[Black "Raja Rithvik, R."]
[Result "1-0"]
[WhiteElo "2645"]
[BlackElo "2470"]
[EventDate "2022.10.26"]
[PlyCount "83"]

1.e4 e5 2.Nf3 Nc6 3.Bc4 Bc5 4.d3 Nf6 5.O-O d6 6.c3 O-O 7.Re1 a6 8.Bb3 h6 
9.Nbd2 Re8 10.Nf1 Ba7 11.Ng3 Ne7 12.d4 Ng6 13.h3 Be6 14.Bc2 c6 15.Be3 Qc7 
16.Bd3 c5 17.d5 Bd7 18.c4 b5 19.b3 Bb6 20.Rc1 Qb7 21.Qd2 Bd8 22.b4 bxc4 
23.Rxc4 Bb5 24.bxc5 Bxc4 25.Bxc4 dxc5 26.d6 Kh7 27.h4 Qd7 28.h5 Nf8 29.Nf5
Ng4 30.Qd5 Ba5 31.Rb1 Rab8 32.Rxb8 Rxb8 33.Nxe5 Rb1+ 34.Bf1 Nxe5 35.Qxe5 
Ne6 36.Ne7 Nf8 37.Qf4 Qe6 38.e5 Kh8 39.Qa4 Qd7 40.Qxa5 Qg4 41.Qxa6 c4 42.
f3 1-0